000 00619nam a2200193Ia 4500
003 IN-BaIIA
008 211028s9999 xx 000 0 eng d
040 _cIIA Library
080 _a52-77
_bPHI
100 _aPhilip, Kenelm Winslow
_98412
245 0 _aPosition measurements on solar continuum sources at decameter wavelengths
_cKenelm Winslow Philip
260 _aUSA
_bYale University Press
_c1963
300 _a[various pagings.]
650 _a Ph.D. thesis
_98413
650 _a Radar astronomy 
_97996
650 _a Radio astronomy 
650 _aAstronomy and astrophysics thesaurus 
_91143
942 _cBK
999 _c4734
_d4734